| 000 | 00915nam a22002897a 4500 | ||
|---|---|---|---|
| 001 | BR2015004921 | ||
| 003 | BR-BrBNA | ||
| 005 | 20230928104719.0 | ||
| 007 | ta | ||
| 008 | 230509b bl.||||| |||| 00| 0 por d | ||
| 040 |
_aBR-BrBNA _bpor _cBiblioteca Nacional de Agricultura |
||
| 041 | _a(Por) | ||
| 072 | _aE40 | ||
| 090 | _ E40 BR2015004921 | ||
| 100 | 1 | _aLago, A. | |
| 100 | 1 | _aSilva, T.N. da | |
| 110 | 1 |
_aServiço Nacional de Aprendizagem do Cooperativismo, Porto Alegre, RS (Brasil) _99448 |
|
| 245 | 1 | _aFatores condicionantes do desenvolvimento de relacionamentos intercooperativos no cooperativismo agropecuário | |
| 260 | 3 |
_aPorto Alegre, RS (Brasil): _c2009. |
|
| 300 | _a206 p. | ||
| 500 | _aBibliography p. 191-200; 7 illus.; 4 graphs.; 50 tables | ||
| 650 | _aCOOPERATIVISMO | ||
| 650 | _aCOOPERATIVA | ||
| 650 | _aPESQUISA | ||
| 909 |
_a202309 _bLucia _c55 _dLucia Elande |
||
| 942 | _cBK | ||
| 999 |
_c81349 _d81349 |
||